Statistiques concernant Culture Pop par lettre - H

Cliquez ici pour prendre le quiz!

Statistiques générales

  • Ce quiz a été pris 1 987 fois
  • Le résultat moyen est 11 sur 15

Statistiques - réponses

CatégorieIndiceRéponse% Correct
Livre / FilmQuel est le prénom de la meilleure amie de Harry Potter ?Hermione Granger
99%
Série d'animationPrénom du père dans la famille SimpsonHomer
99%
ComicsQuand Bruce Banner devient vert...Hulk
96%
Phrase culteD'après Timon et Pumba "Ca veut dire pas de soucis !"Hakuna Matata
93%
LieuQuartier, symbole du monde cinématographiqueHollywood
91%
Personnage CélèbreLe plus célèbre des détectives privés créé par Sir Arthur Conan DoyleSherlock Holmes
89%
Livre / FilmKatniss Everdeen décide de se porter volontaire pour y participer à la place de sa sœur cadette PrimThe Hunger Games
88%
Personnage célèbreCréé par la société japonaise Sanrio, ce petit chat blanc est très souvent habillé en rose avec un ruban rouge sur la têteHello Kitty
75%
Famille CélèbreNom de famille des sœurs Bella et GigiHadid
74%
Film MusicalSérie de film dont les 2 personnages principaux sont Troy Bolton et Gabriella MontezHigh School Musical
68%
MangaDans ce shõnen, un garçon nommé Gon veut retrouver son père mais avant cela il doit obtenir une licence spécialeHunter X Hunter
68%
ÉvènementFestival de musique français spécialisé dans le Hard Rock, le Heavy metal et le Metal extrêmeHelfest
63%
ApplicationRéseau social sous forme de monde virtuel, très en vogue dans les années 2000Habbo
47%
Phrase cultePhrase d'accroche de Joey dans la série FriendsHow you doin'?
30%
Comédie MusicaleComédie musicale de Lin-Manuel Miranda, qui retrace l'histoire des pères fondateurs des USA et du 1er secrétaire du Trésor des Etats-UnisHamilton: An American Musical
20%

Distribution des résultats

Percentile par nombre de réponses

% des personnes avec chaque résultat

Votre développement - résultats

Vous n’avez pas pris ce quiz